Fast Typing 2 - Statistics

General Stats
  • This quiz has been taken 895 times
  • The average score is 12 of 15
Answer Stats
Hint Answer % Correct
7 seven
100%
8 eight
98%
1 one
98%
5 five
97%
9 nine
97%
3 three
97%
12 twelve
95%
56 fifty-six
93%
52 fifty-two
92%
48 forty-eight
83%
989 nine hundred eighty nine
67%
01 zero one
66%
02 zero two
63%
03 zero three
58%
9999 nine thousand nine hundred nintey nine
2%
No matching quizzes found
Score Distribution
Percent of People with Each Score
Percentile by Number Answered
Your Score History
You have not taken this quiz